000 00711nam a2200217Ia 4500
003 GCL
008 140319s9999 xx 000 0 ara d
040 _aGCL /
_cGCL
082 0 4 _a011
_bم م
100 1 _aمحمود محمد الطناحى
245 1 0 _aالموجز فى مراجع التراجم والبلدان والمصنفات وتعريفات العلوم /
_cمحمود محمد الطناحى
260 _a[S.N] :
_bمكتبة الخانجى ،
_c1985
300 _a118 ص
490 _a
650 0 4 _aالتراث العربى
650 0 4 _aالتراجم
650 0 4 _aالعلوم عند العرب
650 0 4 _aالكتب
650 0 4 _aالبيلوجرافيات
942 _2ddc
_cBK
999 _c36800
_d36800